| 000 | 01005nam a2200265 i 4500 | ||
|---|---|---|---|
| 001 | 180868 | ||
| 003 | ES-MaACL | ||
| 005 | 20250604062551.0 | ||
| 008 | 120725s2011 sp d |||| |dspa d | ||
| 020 | _a978-84-344-6931-0 | ||
| 080 | _a94(460)"18/19" | ||
| 245 | 0 | 0 |
_aHistoria de España contemporánea / _cJavier Paredes (dir.). |
| 250 |
_aNueva ed. act. _b1ª ed. en esta presentación; 2ª imp. |
||
| 260 |
_a[Barcelona] : _bAriel, _c2011. |
||
| 300 |
_aVIII, 1109 p. : _bgráf. ; _c23 cm. |
||
| 500 | _aÍndice. | ||
| 504 | _aReferencias bibliográficas. | ||
| 651 | 7 |
_aEspaña- _xHistoria- _yS.XIX _2 _9142005 |
|
| 651 | 7 |
_aEspaña- _xHistoria- _yS.XX. _9138832 |
|
| 700 | 1 |
_aParedes Alonso, Francisco Javier. _989042 |
|
| 852 |
_aES-MaACL _jA-12153 _9187745 _bR.147047 _cDEPO1 _dOlim: N-5158 _xDonación: Alejandro Díez _zDedicatoria autógrafa de Alejandro R. Díez Torre |
||
| 903 |
_aDíez Torre, Alejandro R. _ednr _944776 |
||
| 942 |
_2udc _cMONOGRAFIA |
||
| 999 |
_c180868 _d180868 |
||